|
|
|
|
| LEADER |
04443nam a2200517 a 4500 |
| 001 |
27979 |
| 003 |
BD-DhAAL |
| 005 |
20260329204248.0 |
| 008 |
140331r19961993cauab b s001 0 eng d |
| 010 |
|
|
|a 92034002
|
| 020 |
|
|
|a 9780195641738
|
| 020 |
|
|
|a 0195641736
|
| 020 |
|
|
|a 9780520205079
|
| 020 |
|
|
|a 0520205073
|
| 020 |
|
|
|a 0520080777 (alk. paper)
|
| 020 |
|
|
|a 0520205073
|
| 020 |
|
|
|a 0195635868
|
| 040 |
|
|
|a DLC
|c DLC
|d DLC
|d BD-DhAAL
|
| 041 |
|
|
|a eng
|
| 050 |
0 |
0 |
|a DS485.B46
|b E16 1993
|
| 082 |
0 |
0 |
|a 954.14
|2 20
|
| 100 |
1 |
|
|a Eaton, Richard Maxwell.
|9 5602
|
| 245 |
1 |
4 |
|a The rise of Islam and the Bengal frontier, 1204-1760 /
|c Richard M. Eaton.
|
| 260 |
|
|
|a Berkeley ;
|a India :
|b University of California Press ;
|b Oxford University Press,
|c c1993 [Ninth impression 2014].
|
| 300 |
|
|
|a xxvii, 359 pages :
|b ill., maps ;
|c 24 cm.
|
| 490 |
|
|
|a Comparative studies on Muslim societies ;
|v 17
|
| 504 |
|
|
|a Includes bibliographical references (p. [327]-341) and index.
|
| 526 |
|
|
|a RS (GenEd)
|x Tahseen H. Ali, PhD
Assistant Professor and Assistant Dean, RS
School of General Education
Course Name : Emergence of Bangladesh ''(EMB 101)''
|
| 530 |
|
|
|a A digital reproduction is available from E-Editions, a collaboration of the University of California Press and the California Digital Library's eScholarship program.
|
| 541 |
|
|
|a Book Finder International
|e 27979, 45442, 45443, 45444, 45445, 45446
|
| 650 |
|
0 |
|a Islam
|z India
|z Bengal
|x History.
|9 4208
|
| 651 |
|
0 |
|a Bengal (India)
|x History.
|9 1852
|
| 852 |
1 |
|
|a Ayesha Abed Library
|c General Stacks
|
| 942 |
|
|
|2 ddc
|c BK
|0 1
|
| 999 |
|
|
|c 14262
|d 14262
|
| 952 |
|
|
|0 0
|1 0
|2 ddc
|4 0
|6 954_140000000000000_EAT
|7 0
|9 24091
|a BRACUL
|b BRACUL
|c GEN
|d 2014-03-31
|e Trim Education
|g 3775.00
|l 4
|m 38
|o 954.14 EAT
|p 3010027979
|r 2025-04-21
|s 2025-01-21
|t 1
|w 2014-03-31
|y BK
|
| 952 |
|
|
|0 0
|1 0
|2 ddc
|4 0
|6 954_140000000000000_EAT
|7 0
|9 54971
|a BRACUL
|b SCL
|c GEN
|d 2015-07-27
|l 10
|m 21
|o 954.14 EAT
|p 3010029403
|r 2026-04-03
|s 2026-03-05
|t 2
|w 2015-07-27
|y BK
|
| 952 |
|
|
|0 0
|1 0
|2 ddc
|4 0
|6 954_140000000000000_EAT
|7 0
|9 54972
|a BRACUL
|b BRACUL
|c GEN
|d 2015-07-27
|l 5
|m 18
|o 954.14 EAT
|p 3010029404
|r 2026-04-22
|s 2026-04-21
|t 3
|w 2015-07-27
|y BK
|
| 952 |
|
|
|0 0
|1 0
|2 ddc
|4 0
|6 954_140000000000000_EAT
|7 0
|9 54973
|a BRACUL
|b BRACUL
|c GEN
|d 2015-07-27
|l 3
|m 7
|o 954.14 EAT
|p 3010029405
|r 2025-07-10
|s 2025-06-26
|t 4
|w 2015-07-27
|y BK
|
| 952 |
|
|
|0 0
|1 0
|2 ddc
|4 0
|6 954_140000000000000_EAT
|7 0
|9 60942
|a BRACUL
|b BRACUL
|c GEN
|d 2017-07-23
|e Karim International
|g 700.00
|l 0
|o 954.14 EAT
|p 3010031932
|r 2017-07-23
|t 5
|v 700.00
|w 2017-07-23
|y BK
|
| 952 |
|
|
|0 0
|1 0
|2 ddc
|4 0
|6 954_140000000000000_EAT
|7 0
|9 60972
|a BRACUL
|b BRACUL
|c GEN
|d 2017-07-31
|e Development Book Agency
|g 4085.00
|l 4
|m 31
|o 954.14 EAT
|p 3010031975
|r 2025-03-04
|s 2024-06-04
|t 6
|v 4085.00
|w 2017-07-31
|y BK
|
| 952 |
|
|
|0 0
|1 0
|2 ddc
|4 0
|6 954_140000000000000_EAT
|7 0
|9 78846
|a SCL
|b SCL
|c GEN
|d 2026-03-05
|e Book Finder International
|g 3468.00
|l 0
|o 954.14 EAT
|p 3020045442
|r 2026-03-05
|t 7
|v 6936.00
|w 2026-03-05
|y BK
|x Requisitioned by Dr. Tahseen H. Ali, Assistant Dean of the School of General Education, for the course titled- 'Emergence of Bangladesh (EMB-101)'.
|
| 952 |
|
|
|0 0
|1 0
|2 ddc
|4 0
|6 954_140000000000000_EAT
|7 0
|9 78847
|a SCL
|b SCL
|c GEN
|d 2026-03-05
|e Book Finder International
|g 3468.00
|l 0
|o 954.14 EAT
|p 3020045443
|r 2026-03-05
|t 8
|v 6936.00
|w 2026-03-05
|y BK
|x Requisitioned by Dr. Tahseen H. Ali, Assistant Dean of the School of General Education, for the course titled- 'Emergence of Bangladesh (EMB-101)'.
|
| 952 |
|
|
|0 0
|1 0
|2 ddc
|4 0
|6 954_140000000000000_EAT
|7 0
|9 78848
|a SCL
|b SCL
|c GEN
|d 2026-03-05
|e Book Finder International
|g 3468.00
|l 0
|o 954.14 EAT
|p 3020045445
|r 2026-03-05
|t 10
|v 6936.00
|w 2026-03-05
|y BK
|x Requisitioned by Dr. Tahseen H. Ali, Assistant Dean of the School of General Education, for the course titled- 'Emergence of Bangladesh (EMB-101)'.
|
| 952 |
|
|
|0 0
|1 0
|2 ddc
|4 0
|6 954_140000000000000_EAT
|7 0
|9 78849
|a SCL
|b SCL
|c GEN
|d 2026-03-05
|e Book Finder International
|g 3468.00
|l 0
|o 954.14 EAT
|p 3020045444
|r 2026-03-05
|t 9
|v 6936.00
|w 2026-03-05
|y BK
|x Requisitioned by Dr. Tahseen H. Ali, Assistant Dean of the School of General Education, for the course titled- 'Emergence of Bangladesh (EMB-101)'.
|
| 952 |
|
|
|0 0
|1 0
|2 ddc
|4 0
|6 954_140000000000000_EAT
|7 0
|9 78850
|a SCL
|b SCL
|c GEN
|d 2026-03-05
|e Book Finder International
|g 3468.00
|l 0
|o 954.14 EAT
|p 3020045446
|r 2026-03-05
|t 11
|v 6936.00
|w 2026-03-05
|y BK
|x Requisitioned by Dr. Tahseen H. Ali, Assistant Dean of the School of General Education, for the course titled- 'Emergence of Bangladesh (EMB-101)'.
|